| 000 | 00788nam a2200241 i 4500 | ||
|---|---|---|---|
| 001 | 17510 | ||
| 003 | ES-MaACL | ||
| 005 | 20230906151614.0 | ||
| 007 | t| | ||
| 008 | 010322s1973 sp ||||1| spa d | ||
| 020 | _a84-7057-137-0 | ||
| 080 | _a930.9-"00/+00" | ||
| 080 | _a9(=924)"00/+00" | ||
| 080 | _a225.01 | ||
| 245 | 0 | 3 |
_aEl mundo del Nuevo Testamento / _cdirigido por Johannes Leipoldt y Walter Grundmann. |
| 260 |
_aMadrid : _bCristiandad, _c1973. |
||
| 300 |
_a3 v. : _bil. ; _c23 cm. |
||
| 505 | 8 | _aContiene: 1. Estudio histórico-cultural -- 2. Textos y documentos -- 3. Ilustraciones | |
| 650 | 4 |
_aJudíos- _xHistoria- _yHasta 70 d.C. _913997 |
|
| 700 | 1 |
_aLeipoldt, Johannes. _971385 |
|
| 700 | 1 |
_aGrundmann, Walter. _960247 |
|
| 852 |
_aES-MaACL _jG-1765-67 _bR.88909 |
||
| 999 |
_c17510 _d17510 |
||